[Event "Pyramiden Cup 2015"]
[Site "Fuerth"]
[Date "2015.09.05"]
[Round "6.10"]
[White "Ott, Florian"]
[Black "Lodes, Hermann"]
[Result "1/2-1/2"]
[WhiteElo "2273"]
[BlackElo "2129"]
[PlyCount "47"]
[EventDate "2015.??.??"]
[WhiteTeam "SC Forchheim"]
[BlackTeam "vereinslos"]

1. d4 d5 2. c4 c6 3. Nc3 Nf6 4. e3 e6 5. Nf3 Nbd7 6. Qc2 Bd6 7. Bd3 dxc4 8.
Bxc4 e5 9. h3 O-O 10. O-O Qe7 11. Rd1 h6 12. Nh4 Nb6 13. Ng6 Qc7 14. dxe5 Bxe5
15. Nxe5 Qxe5 16. Bd3 Nfd5 17. Nxd5 Nxd5 18. a3 f5 19. Bd2 Be6 20. Bc4 Rf7 21.
Bc3 Nxc3 22. Bxe6 Qxe6 23. Qxc3 f4 24. exf4 1/2-1/2

[Event "Pyramiden Cup 2015"]
[Site "Fuerth"]
[Date "2015.09.05"]
[Round "6.11"]
[White "Schrems, Hermann"]
[Black "Moehn, Hans"]
[Result "0-1"]
[WhiteElo "2098"]
[BlackElo "2389"]
[PlyCount "196"]
[EventDate "2015.??.??"]
[WhiteTeam "SC Emmendingen"]
[BlackTeam "USV TU Dresden"]

1. d4 Nf6 2. c4 e6 3. g3 Bb4+ 4. Bd2 c5 5. Bxb4 cxb4 6. Bg2 O-O 7. e4 d6 8. Ne2
e5 9. a3 Qb6 10. O-O Nc6 11. d5 Nb8 12. axb4 Qxb4 13. Qc2 Na6 14. Na3 Bd7 15.
Nc3 Qc5 16. Rfc1 Nb4 17. Qd2 a6 18. Na2 Nxa2 19. Rxa2 a5 20. b3 Ra7 21. Nb1
Rfa8 22. Qc3 Be8 23. Nd2 b6 24. Bf1 Qc7 25. Bd3 Nd7 26. f4 Nc5 27. Nf3 f6 28.
Rf2 Rb8 29. Rcf1 Bg6 30. Qc2 Nxd3 31. Qxd3 Qc5 32. f5 Be8 33. Kg2 a4 34. Ra2
Rba8 35. Rb1 axb3 36. Rxa7 Rxa7 37. Qxb3 Ra6 38. Rb2 Kf8 39. Qb4 Qxb4 40. Rxb4
Bh5 41. Rb2 Bxf3+ 42. Kxf3 Ke7 43. Rb3 Kd7 44. h4 Kc7 45. g4 Ra1 46. Rc3 Rf1+
47. Kg3 Kb7 48. h5 Rg1+ 49. Kf3 Rf1+ 50. Kg3 h6 51. Rc2 Rg1+ 52. Kf3 Rf1+ 53.
Kg3 Ra1 54. Rc3 Ka6 55. Kf3 Rf1+ 56. Kg3 Rg1+ 57. Kf3 Rf1+ 58. Kg3 Ra1 59. Kf3
Ka5 60. Rc2 Ra3+ 61. Kf2 Ka6 62. Rc1 Kb7 63. Rc2 Ka7 64. Rc1 Kb7 65. Rc2 Kc7
66. Rc1 Kd7 67. Rc2 Kc7 68. Rc1 Kb7 69. Rc2 Rb3 70. Rc1 Rh3 71. Ra1 Rc3 72. Ra4
Rc1 73. Rb4 Rc2+ 74. Kf3 Rc3+ 75. Kf2 Ra3 76. Rb1 Ka6 77. Rb2 Ra4 78. Rc2 Ka5
79. Rc1 Ra2+ 80. Kf3 Ra3+ 81. Kf2 Kb4 82. Rb1+ Rb3 83. Ra1 Kxc4 84. Ra7 Kd4 85.
Rxg7 Kxe4 86. Rg6 Rb2+ 87. Kg3 Rb3+ 88. Kg2 Kf4 89. Rxf6 e4 90. Rxd6 Kxg4 91.
Rg6+ Kxf5 92. Rxh6 Rb2+ 93. Kg3 Rb3+ 94. Kg2 Kg4 95. Re6 Rb2+ 96. Kf1 Rh2 97.
d6 Rxh5 98. Rxe4+ Kf3 0-1

[Event "Pyramiden Cup 2015"]
[Site "Fuerth"]
[Date "2015.09.05"]
[Round "6.12"]
[White "Bildt, Maximilian"]
[Black "Promyshlyanskyy, Vitaliy"]
[Result "0-1"]
[WhiteElo "1976"]
[BlackElo "2236"]
[PlyCount "59"]
[EventDate "2015.??.??"]
[WhiteTeam "SK Zirndorf"]
[BlackTeam "SC NT Nürnberg"]

1. e4 e5 2. Nf3 Nc6 3. Bb5 a6 4. Ba4 Nge7 5. O-O g6 6. c3 Bg7 7. d4 exd4 8.
cxd4 b5 9. Bb3 O-O 10. Nc3 Na5 11. Bg5 h6 12. Bh4 Nxb3 13. axb3 Bb7 14. Re1 d6
15. Rc1 Qd7 16. d5 g5 17. Bxg5 hxg5 18. Nxg5 Bh6 19. Qh5 Bxg5 20. Qxg5+ Ng6 21.
g3 Kg7 22. Ne2 f6 23. Qd2 Bc8 24. Nd4 Qf7 25. Qc3 Ra7 26. Nc6 Rb7 27. Na5 b4
28. Qc2 Ne5 29. Nxb7 Nf3+ 30. Kf1 0-1

[Event "Pyramiden Cup 2015"]
[Site "Fuerth"]
[Date "2015.09.05"]
[Round "6.13"]
[White "Heimrath, Reiner"]
[Black "Meulner, Klaus"]
[Result "1/2-1/2"]
[WhiteElo "2191"]
[BlackElo "2134"]
[PlyCount "154"]
[EventDate "2015.??.??"]
[WhiteTeam "SC Noris-Tarrasch Nürnberg"]
[BlackTeam "SW Nürnberg Süd"]

1. Nf3 d5 2. g3 Nc6 3. d4 Bf5 4. Bg2 e6 5. O-O Nb4 6. Na3 c6 7. Nh4 Bg4 8. c4
Nf6 9. cxd5 exd5 10. Qb3 Be7 11. Bg5 a5 12. h3 Be6 13. Nf3 h6 14. Bf4 Bf5 15.
Qd1 Ne4 16. Ne1 g5 17. Be3 Bd6 18. Nd3 Qe7 19. Qc1 f6 20. Nc5 Kf7 21. Nxe4 Bxe4
22. Bxe4 Qxe4 23. Nb1 Nc2 24. Nc3 Qf5 25. Rb1 Nxe3 26. Qxe3 Qxh3 27. Qf3 g4 28.
Qg2 Qxg2+ 29. Kxg2 Rae8 30. e3 f5 31. Rh1 Kg6 32. Rh4 h5 33. Ne2 Be7 34. Nf4+
Kf7 35. Rxh5 Rxh5 36. Nxh5 Bg5 37. Rc1 Rh8 38. Nf4 Bxf4 39. gxf4 Ke6 40. Rc5
Ra8 41. Kg3 a4 42. Rc3 Kd6 43. Ra3 b5 44. Rc3 Rh8 45. Rc1 Rh3+ 46. Kg2 Kc7 47.
b3 axb3 48. axb3 Rh8 49. Ra1 b4 50. Ra4 Rb8 51. Kg3 c5 52. dxc5 Kc6 53. Ra5 Rh8
54. Kg2 Rd8 55. Ra6+ Kb5 56. Rb6+ Kxc5 57. Rf6 Ra8 58. Rxf5 Kc6 59. Rf6+ Kc5
60. Rf5 Kc6 61. Kg3 Ra3 62. Kxg4 Rxb3 63. Rf8 Kc7 64. Rf7+ Kc6 65. Rf6+ Kc7 66.
Rh6 Rb1 67. f3 b3 68. Rh2 Re1 69. Rd2 Kc6 70. e4 dxe4 71. fxe4 Rxe4 72. Rb2 Rb4
73. Kg5 Kd5 74. f5 Kc4 75. f6 Kc3 76. Rb1 Rb7 77. Kg6 Kc2 1/2-1/2

[Event "Pyramiden Cup 2015"]
[Site "Fuerth"]
[Date "2015.09.05"]
[Round "6.14"]
[White "Reis, Gerhard"]
[Black "Willim, Michael"]
[Result "1-0"]
[WhiteElo "2197"]
[BlackElo "2100"]
[PlyCount "59"]
[EventDate "2015.??.??"]
[WhiteTeam "SW Nürnberg Süd"]
[BlackTeam "SC Erlangen"]

1. Nf3 g6 2. c4 Bg7 3. d4 d6 4. g3 e5 5. Nc3 Nc6 6. dxe5 dxe5 7. Qxd8+ Kxd8 8.
Bg5+ f6 9. O-O-O+ Bd7 10. Bh3 Nb8 11. Nxe5 fxg5 12. Nxd7 Bxc3 13. bxc3 Ke8 14.
Nc5 Na6 15. Bd7+ Ke7 16. Nxa6 Rd8 17. Nxc7 Rxd7 18. Rxd7+ Kxd7 19. Nd5 Nh6 20.
Rd1 Ke6 21. Rd4 Rc8 22. h4 gxh4 23. Rxh4 Nf5 24. Rxh7 Rxc4 25. Nf4+ Kf6 26.
Rxb7 g5 27. Nd3 Ra4 28. Kb2 Re4 29. e3 Ra4 30. Rb4 1-0

[Event "Pyramiden Cup 2015"]
[Site "Fuerth"]
[Date "2015.09.05"]
[Round "6.15"]
[White "Hoecher, Michael"]
[Black "Eck, Mathias"]
[Result "1/2-1/2"]
[WhiteElo "2091"]
[BlackElo "2085"]
[PlyCount "116"]
[EventDate "2015.??.??"]
[WhiteTeam "SC Garching"]
[BlackTeam "SFDarmstadt"]

1. c4 c5 2. g3 Nc6 3. Bg2 g6 4. Nc3 Bg7 5. a3 d6 6. d3 Nf6 7. e4 O-O 8. Nge2
Ne8 9. O-O Nc7 10. Rb1 a5 11. Nd5 Ne6 12. b4 Ncd4 13. bxc5 dxc5 14. Nb6 Ra6 15.
Nxc8 Qxc8 16. e5 Nxe2+ 17. Qxe2 Nd4 18. Qe4 Rc6 19. Bf4 b6 20. Qe3 f6 21. Bd5+
Kh8 22. Bxc6 Qxc6 23. Qe4 Qxe4 24. dxe4 fxe5 25. Be3 Rf6 26. Rb2 a4 27. Bxd4
exd4 28. Rfb1 Rf3 29. Rxb6 Kg8 30. R6b5 Rxa3 31. Rxc5 d3 32. e5 Kf7 33. Rd1 Ke6
34. Rd5 Rc3 35. R1xd3 Rxc4 36. Ra5 Re4 37. Ra3 Bxe5 38. R3xa4 Re1+ 39. Kg2 Bf6
40. Kf3 Rh1 41. Re4+ Kf7 42. h4 Rb1 43. Kg4 Rf1 44. Rf4 Kg7 45. Ra7 Rh1 46.
Rfa4 Rf1 47. Kf3 Rh1 48. Rb7 Rc1 49. Rb3 Rc2 50. Rb1 Rd2 51. Re4 Kf7 52. Rh1 h5
53. Ke3 Ra2 54. g4 Ra3+ 55. Ke2 hxg4 56. Rxg4 Ra5 57. Kf3 Rh5 58. Kg3 g5
1/2-1/2

[Event "Pyramiden Cup 2015"]
[Site "Fuerth"]
[Date "2015.09.05"]
[Round "6.16"]
[White "Walter, Florian"]
[Black "Krauss, Josef"]
[Result "1-0"]
[WhiteElo "2160"]
[BlackElo "2098"]
[PlyCount "69"]
[EventDate "2015.??.??"]
[WhiteTeam "SC NT Nürnberg"]
[BlackTeam "SK Schweinfurt"]

1. c4 c6 2. Nf3 d5 3. g3 Nf6 4. Bg2 Bf5 5. cxd5 cxd5 6. Qb3 Nc6 7. Qxb7 Bd7 8.
Qb3 e5 9. O-O Rb8 10. Qd1 e4 11. Ne1 Bc5 12. Nc3 Qe7 13. Na4 Bd6 14. d3 h6 15.
Nc3 O-O 16. dxe4 dxe4 17. Nd5 Nxd5 18. Qxd5 Rfe8 19. Nc2 Rbd8 20. Be3 Ne5 21.
Qxe4 Bc6 22. Qd4 Bxg2 23. Kxg2 Qb7+ 24. Kg1 Nc6 25. Qa4 Rc8 26. Rad1 Bb8 27. b3
Re5 28. Qg4 f5 29. Qf3 Qe7 30. Rd5 f4 31. Bxf4 Rxe2 32. Ne3 Rxa2 33. Qg4 Rf8
34. Nf5 Qe8 35. Qxg7# 1-0

[Event "Pyramiden Cup 2015"]
[Site "Fuerth"]
[Date "2015.09.05"]
[Round "6.17"]
[White "Wagner, Florian"]
[Black "Beesk, Kevin"]
[Result "1/2-1/2"]
[WhiteElo "2145"]
[BlackElo "1921"]
[PlyCount "76"]
[EventDate "2015.??.??"]
[WhiteTeam "SC NT Nürnberg"]
[BlackTeam "SK Neumarkt"]

1. d4 Nf6 2. Bg5 e6 3. Nd2 c5 4. e3 b6 5. Ngf3 Bb7 6. Bd3 cxd4 7. exd4 Be7 8.
O-O O-O 9. a4 d6 10. c3 Qc7 11. Qc2 h6 12. Bh4 Re8 13. Rfe1 Nbd7 14. a5 Bc6 15.
b4 b5 16. Rab1 a6 17. h3 Qb7 18. Bg3 Rec8 19. Rbc1 Bd5 20. Qd1 Rc6 21. Bb1 Rac8
22. Re3 Qa7 23. Qe2 Nf8 24. Ne1 Qd7 25. Bh2 R8c7 26. Ne4 Nxe4 27. Bxe4 Bxe4 28.
Rxe4 Rxc3 29. Rxc3 Rxc3 30. d5 Bf6 31. dxe6 fxe6 32. Bg3 Qc6 33. Nd3 Rc4 34.
Rxe6 Nxe6 35. Qxe6+ Kh8 36. Nf4 Qc8 37. Ng6+ Kh7 38. Qf7 Qf5 1/2-1/2

[Event "Pyramiden Cup 2015"]
[Site "Fuerth"]
[Date "2015.09.05"]
[Round "6.18"]
[White "Brem, Stephan"]
[Black "Bunk, Karsten"]
[Result "1-0"]
[WhiteElo "2063"]
[BlackElo "2090"]
[PlyCount "81"]
[EventDate "2015.??.??"]
[WhiteTeam "SU Ebersberg-Grafing"]
[BlackTeam "SW Nürnberg Süd"]

1. f4 d6 2. Nf3 g6 3. e4 Bg7 4. Be2 Nd7 5. d3 a6 6. O-O b6 7. Nc3 Bb7 8. f5
Ngf6 9. Qe1 c5 10. Qh4 Qc7 11. g4 Ne5 12. Nxe5 dxe5 13. g5 Nd7 14. f6 exf6 15.
gxf6 Bf8 16. Bg4 h6 17. Be3 O-O-O 18. Nd5 Bxd5 19. exd5 h5 20. Bg5 Kb7 21. Bf3
Bd6 22. Qe4 Ka7 23. h4 Nf8 24. Kh1 Nh7 25. c4 Qd7 26. Kh2 Nxg5 27. hxg5 Rde8
28. Rae1 Qf5 29. Rg1 h4 30. Bg4 Qxg5 31. Be6 Qf4+ 32. Qxf4 exf4 33. Bxf7 Ref8
34. Re6 Bb8 35. Re7+ Ka8 36. Kh3 Rh6 37. Be8 Bd6 38. Bc6+ Kb8 39. Rge1 g5 40.
f7 Rf6 41. Rb7+ 1-0

[Event "Pyramiden Cup 2015"]
[Site "Fuerth"]
[Date "2015.09.05"]
[Round "6.19"]
[White "Kahlert, Thomas"]
[Black "Guggenberger, Guido"]
[Result "1/2-1/2"]
[WhiteElo "2178"]
[BlackElo "2019"]
[PlyCount "69"]
[EventDate "2015.??.??"]
[WhiteTeam "SK Norderstedt"]
[BlackTeam "TV Tegernsee"]

1. Nf3 e6 2. c4 Nf6 3. Nc3 d5 4. d4 c5 5. cxd5 exd5 6. g3 Nc6 7. Bg2 Be7 8. O-O
O-O 9. Bg5 cxd4 10. Nxd4 Bg4 11. h3 Be6 12. Rc1 h6 13. Be3 Qd7 14. Kh2 Rfe8 15.
Na4 Ne4 16. Nxc6 bxc6 17. Nc5 Nxc5 18. Bxc5 Rab8 19. Bxe7 Rxe7 20. b3 Qd6 21.
Qd4 Rb5 22. e4 Rb4 23. Qd2 Rb5 24. Rfd1 Rd7 25. Qc3 Rb6 26. Rd2 Qe7 27. Rcd1
dxe4 28. Bxe4 Rxd2 29. Qxd2 Kf8 30. Bf3 c5 31. Rc1 Rb8 32. Qc2 Rc8 33. Qe4 Qf6
34. Kg2 Qd4 35. Qb7 1/2-1/2

[Event "Pyramiden Cup 2015"]
[Site "Fuerth"]
[Date "2015.09.05"]
[Round "6.20"]
[White "Goldsworthy, Patrick"]
[Black "Lange, Carsten"]
[Result "1-0"]
[WhiteElo "2097"]
[BlackElo "2055"]
[PlyCount "73"]
[EventDate "2015.??.??"]
[WhiteTeam "SG Siemens Erlangen"]
[BlackTeam "SK Zirndorf"]

1. d4 Nf6 2. Bg5 Ne4 3. Bf4 c5 4. f3 Qa5+ 5. c3 Nf6 6. d5 d6 7. e4 Nbd7 8. Na3
g6 9. Qd2 Bg7 10. Nc4 Qc7 11. a4 b6 12. Bh6 Bxh6 13. Qxh6 Bb7 14. Nh3 O-O-O 15.
Ng5 Rdf8 16. Bd3 Kb8 17. O-O Ne5 18. Nxe5 dxe5 19. c4 a5 20. Nh3 Bc8 21. Nf2
Ne8 22. f4 f6 23. Nd1 Nd6 24. Nc3 Nf7 25. Qh4 exf4 26. Nb5 Qe5 27. b4 Bd7 28.
bxc5 Bxb5 29. axb5 Qd4+ 30. Qf2 Qxd3 31. cxb6 Qe3 32. c5 Kb7 33. Rxa5 Ra8 34.
Qxe3 fxe3 35. Rfa1 Rxa5 36. Rxa5 Ra8 37. c6+ 1-0

[Event "Pyramiden Cup 2015"]
[Site "Fuerth"]
[Date "2015.09.05"]
[Round "6.21"]
[White "Eiber, Manfred"]
[Black "Schober, Ralf"]
[Result "1-0"]
[WhiteElo "2154"]
[BlackElo "2019"]
[PlyCount "55"]
[EventDate "2015.??.??"]
[WhiteTeam "SW Nürnberg Süd"]
[BlackTeam "SV Sundern"]

1. d4 e6 2. Nf3 Nf6 3. Bg5 Be7 4. Nbd2 b6 5. e4 Bb7 6. Bd3 d5 7. Qe2 dxe4 8.
Nxe4 Nbd7 9. Ng3 Nd5 10. Bd2 Nb4 11. Bxb4 Bxb4+ 12. c3 Be7 13. O-O-O O-O 14. h4
h6 15. Bb1 Re8 16. Nh5 Nf8 17. Ne5 f5 18. Rh3 Bf6 19. g4 g6 20. gxf5 exf5 21.
Qc4+ Re6 22. Nxg6 Bd5 23. Nxf6+ Qxf6 24. Qxd5 c6 25. Qxf5 Nxg6 26. Rg1 Kf7 27.
Rf3 Rg8 28. Qh5 1-0

[Event "Pyramiden Cup 2015"]
[Site "Fuerth"]
[Date "2015.09.05"]
[Round "6.22"]
[White "Redzepovic, Irfan"]
[Black "Li, Simon"]
[Result "1-0"]
[WhiteElo "2139"]
[BlackElo "2013"]
[PlyCount "57"]
[EventDate "2015.??.??"]
[WhiteTeam "SW Nürnberg Süd"]
[BlackTeam "SK Schweinfurt"]

1. d4 Nf6 2. Nf3 c5 3. e3 d5 4. Be2 Nc6 5. O-O Bf5 6. c4 cxd4 7. Nxd4 Nxd4 8.
exd4 dxc4 9. Bxc4 e6 10. Bb5+ Nd7 11. d5 Be7 12. g4 Bxb1 13. dxe6 fxe6 14. Rxb1
a6 15. Bc4 Nc5 16. b4 b5 17. bxc5 bxc4 18. Qa4+ Qd7 19. Qxd7+ Kxd7 20. Rb7+ Ke8
21. Re1 Kf7 22. c6 Rac8 23. Ba3 Rhe8 24. Rd1 Kf8 25. Rxe7 Rxe7 26. Rd7 Rxc6 27.
Rxe7 Kg8 28. Kf1 c3 29. Ke2 1-0

[Event "Pyramiden Cup 2015"]
[Site "Fuerth"]
[Date "2015.09.05"]
[Round "6.23"]
[White "Suess, Stefan"]
[Black "Middelhoff, Cornelius"]
[Result "0-1"]
[WhiteElo "2004"]
[BlackElo "2114"]
[PlyCount "50"]
[EventDate "2015.??.??"]
[WhiteTeam "SC NT Nürnberg"]
[BlackTeam "TSG Apolda"]

1. Nf3 Nf6 2. c4 c5 3. g3 g6 4. b3 Bg7 5. Bb2 Nc6 6. Bg2 O-O 7. O-O b6 8. e3
Bb7 9. d4 cxd4 10. exd4 d5 11. Nbd2 e6 12. a3 Rc8 13. c5 Ne4 14. cxb6 Qxb6 15.
b4 Rfd8 16. Re1 Nxd4 17. Bxd4 Bxd4 18. Nxd4 Qxd4 19. Nxe4 dxe4 20. Qg4 Rc2 21.
Qf4 e5 22. Qe3 Qxe3 23. Rxe3 f5 24. Ree1 Rdd2 25. Rad1 e3 0-1

[Event "Pyramiden Cup 2015"]
[Site "Fuerth"]
[Date "2015.09.05"]
[Round "6.24"]
[White "Lutter, Maximilian"]
[Black "Hornung, Hans"]
[Result "1/2-1/2"]
[WhiteElo "1776"]
[BlackElo "2106"]
[PlyCount "45"]
[EventDate "2015.??.??"]
[WhiteTeam "SK Neumarkt"]
[BlackTeam "SK Klosterlechfeld"]

1. c4 Nf6 2. d4 Nc6 3. Nf3 e6 4. a3 d6 5. Nc3 g6 6. e4 Bg7 7. Be2 O-O 8. O-O
Re8 9. Be3 e5 10. d5 Nd4 11. Nxd4 exd4 12. Bxd4 Nxe4 13. Bxg7 Kxg7 14. Nxe4
Rxe4 15. Qc2 Re8 16. Qc3+ Qf6 17. Qxf6+ Kxf6 18. Bd3 Bd7 19. Rae1 h6 20. f4
Rxe1 21. Rxe1 Re8 22. Rxe8 Bxe8 23. Kf2 1/2-1/2

[Event "Pyramiden Cup 2015"]
[Site "Fuerth"]
[Date "2015.09.05"]
[Round "6.25"]
[White "Weber, Samuel"]
[Black "Pfadenhauer, Johannes"]
[Result "1/2-1/2"]
[WhiteElo "1936"]
[BlackElo "2067"]
[PlyCount "51"]
[EventDate "2015.??.??"]
[WhiteTeam "SC Flörsheim"]
[BlackTeam "TSV Bindlach"]

1. e4 c5 2. d4 cxd4 3. c3 Nf6 4. e5 Nd5 5. Qxd4 e6 6. Nf3 Nc6 7. Qe4 d6 8. Bb5
Bd7 9. O-O Qc7 10. c4 Nb6 11. Bf4 d5 12. cxd5 Nxd5 13. Nc3 Nxc3 14. bxc3 Be7
15. Rfd1 Rd8 16. Rab1 a6 17. Ba4 b5 18. Bc2 Na5 19. Nd4 Nc4 20. Bd3 Rc8 21. a4
Qc5 22. axb5 axb5 23. Qb7 Rc7 24. Qb8+ Rc8 25. Qb7 Rc7 26. Qb8+ 1/2-1/2

[Event "Pyramiden Cup 2015"]
[Site "Fuerth"]
[Date "2015.09.05"]
[Round "6.26"]
[White "Kannenberg, Karl-Heinz"]
[Black "Woerl, Richard"]
[Result "1/2-1/2"]
[WhiteElo "2220"]
[BlackElo "2047"]
[PlyCount "106"]
[EventDate "2015.??.??"]
[WhiteTeam "SC Kitzingen"]
[BlackTeam "SW Nürnberg Süd"]

1. d4 Nf6 2. Bf4 e6 3. e3 b6 4. Nf3 Bb7 5. Be2 Be7 6. h3 h6 7. O-O d6 8. c4
Nbd7 9. Nc3 g5 10. Bg3 g4 11. hxg4 Nxg4 12. Nh2 Nxh2 13. Bxh2 Nf6 14. Bf3 c6
15. b4 Qd7 16. Qe2 h5 17. e4 Ng4 18. Bg3 O-O-O 19. d5 Bf6 20. Rac1 Rdg8 21.
Rfd1 Ne5 22. dxc6 Bxc6 23. Nb5 Bxb5 24. cxb5+ Kb7 25. Bxe5 Bxe5 26. Qc4 Rc8 27.
Qc6+ Rxc6 28. bxc6+ Qxc6 29. Rxc6 Kxc6 30. Rc1+ Kb7 31. b5 h4 32. Kf1 Bb2 33.
Rc4 Rc8 34. Rxc8 Kxc8 35. Bh5 f6 36. Ke2 Kd7 37. Bg4 Ke7 38. Kd3 d5 39. exd5
exd5 40. Bf5 Kd6 41. g3 Ke5 42. Bh3 hxg3 43. fxg3 f5 44. Bg2 Bd4 45. Bh3 Bf2
46. g4 f4 47. Bg2 Kd6 48. Bf3 Kc5 49. Bg2 Bd4 50. Bf3 Bb2 51. Bg2 Ba3 52. Bf3
Bb4 53. Bg2 Kd6 1/2-1/2

[Event "Pyramiden Cup 2015"]
[Site "Fuerth"]
[Date "2015.09.05"]
[Round "6.27"]
[White "Turner, Radek"]
[Black "Koch, Christian"]
[Result "1/2-1/2"]
[WhiteElo "2080"]
[BlackElo "1925"]
[PlyCount "41"]
[EventDate "2015.??.??"]
[WhiteTeam "TS Regensburger"]
[BlackTeam "SC Höchstadt/Aisch"]

1. c4 Nf6 2. g3 g6 3. Bg2 Bg7 4. Nc3 c6 5. e4 d6 6. Nge2 e5 7. d3 a5 8. O-O Na6
9. h3 O-O 10. Be3 Be6 11. f4 Qd7 12. Kh2 Rac8 13. Qa4 Qc7 14. d4 Rfd8 15. Rad1
b6 16. Rd2 exd4 17. Nxd4 Nc5 18. Nxe6 fxe6 19. Bxc5 bxc5 20. Rfd1 Ne8 21. Qc2
1/2-1/2

[Event "Pyramiden Cup 2015"]
[Site "Fuerth"]
[Date "2015.09.05"]
[Round "6.28"]
[White "Roettinger, Eugen"]
[Black "Wittmann, Helmut"]
[Result "1/2-1/2"]
[WhiteElo "2147"]
[BlackElo "2106"]
[PlyCount "111"]
[EventDate "2015.??.??"]
[WhiteTeam "SR Spaichingen"]
[BlackTeam "BSG Wöhrlhaus"]

1. b3 e5 2. Bb2 Nc6 3. Nf3 e4 4. Nd4 Nxd4 5. Bxd4 Nf6 6. e3 d5 7. Bb2 Bd6 8. c4
O-O 9. cxd5 Nxd5 10. Nc3 Qf6 11. Rb1 Nxc3 12. Bxc3 Qg6 13. Rc1 a6 14. f4 Be7
15. Kf2 Bd7 16. Be2 Bb5 17. h4 Bxe2 18. Qxe2 h5 19. g4 Qxg4 20. Qxg4 hxg4 21.
f5 Bd6 22. Rcg1 g3+ 23. Rxg3 Bxg3+ 24. Kxg3 f6 25. Kf4 Rfe8 26. Rg1 Kf7 27. Rg6
Re7 28. Bb4 Re5 29. Bc3 Re7 30. Bb4 Re5 31. Bc3 Rc5 32. Kxe4 Rh8 33. Rg4 Rh6
34. a4 g6 35. fxg6+ Rxg6 36. Rf4 Ke6 37. Kd4 Rd5+ 38. Kc4 Rh5 39. Re4+ Kf7 40.
Rd4 b5+ 41. axb5 axb5+ 42. Kd3 Ke6 43. b4 f5 44. Rd8 Rxh4 45. Re8+ Kf7 46. Re5
f4 47. exf4 Rxf4 48. Rxb5 Rd6+ 49. Kc2 Ke6 50. Rc5 Rd7 51. Rc6+ Ke7 52. Rh6 Rd6
53. Rh5 Re4 54. Rc5 Kd7 55. Kb3 c6 56. b5 1/2-1/2

[Event "Pyramiden Cup 2015"]
[Site "Fuerth"]
[Date "2015.09.05"]
[Round "6.30"]
[White "Hartmann, Thomas"]
[Black "Lechermann, Markus"]
[Result "0-1"]
[WhiteElo "2039"]
[BlackElo "2042"]
[PlyCount "42"]
[EventDate "2015.??.??"]
[WhiteTeam "SC WD Ulm"]
[BlackTeam "MTV Ingolstadt"]

1. d4 Nf6 2. c4 g6 3. Nc3 Bg7 4. e4 d6 5. Be2 O-O 6. Bg5 h6 7. Bf4 Nbd7 8. Qd2
Kh7 9. Rd1 c6 10. e5 Ne8 11. h4 dxe5 12. dxe5 Qa5 13. e6 fxe6 14. h5 g5 15.
Qc2+ Kh8 16. Bd2 Qf5 17. Ne4 Nd6 18. f3 Nxe4 19. Bd3 Ndc5 20. g4 Nxd3+ 21. Qxd3
Nc5 0-1

[Event "Pyramiden Cup 2015"]
[Site "Fuerth"]
[Date "2015.09.05"]
[Round "6.31"]
[White "Mix, Thomas"]
[Black "Berger, Stefan"]
[Result "1/2-1/2"]
[WhiteElo "1949"]
[BlackElo "1996"]
[PlyCount "66"]
[EventDate "2015.??.??"]
[WhiteTeam "SF Brannenburg"]
[BlackTeam "Schweiz"]
[BlackTeamCountry "SUI"]

1. d4 Nf6 2. c4 c5 3. e3 g6 4. Nf3 Bg7 5. Nc3 O-O 6. Be2 d6 7. O-O Nbd7 8. Qc2
a6 9. a4 b6 10. Rd1 Bb7 11. b3 Qc7 12. Bb2 Rac8 13. a5 cxd4 14. axb6 Qxb6 15.
exd4 Rb8 16. Na4 Qc7 17. Nc3 Nh5 18. d5 Nf4 19. Bf1 Bc8 20. g3 Nh5 21. Nd4 Nc5
22. Nce2 Nf6 23. Bg2 Bf5 24. f3 Bd7 25. Ba3 Qa7 26. Kh1 Rfc8 27. Rab1 Bh6 28.
f4 Ng4 29. Re1 Ne3 30. Qd2 Nxg2 31. Kxg2 Bg7 32. Qe3 Re8 33. Qd2 Ne4 1/2-1/2

[Event "Pyramiden Cup 2015"]
[Site "Fuerth"]
[Date "2015.09.05"]
[Round "6.32"]
[White "Seitner, Ralf"]
[Black "Mehringer, Joerg"]
[Result "1/2-1/2"]
[WhiteElo "2080"]
[BlackElo "1945"]
[PlyCount "53"]
[EventDate "2015.??.??"]
[WhiteTeam "SK Ingolstadt"]
[BlackTeam "Schachpinguine Berlin"]

1. d4 Nf6 2. Nf3 g6 3. c4 Bg7 4. Nc3 O-O 5. e4 d6 6. Be2 Na6 7. O-O e5 8. Re1
exd4 9. Nxd4 Nc5 10. f3 Nh5 11. Be3 Ne6 12. Qd2 Qf6 13. Nd5 Qd8 14. Rad1 c6 15.
Nc3 Re8 16. Bf1 Bf8 17. Nc2 Qf6 18. Nd4 Nhg7 19. Nxe6 Nxe6 20. Ne2 b6 21. Nd4
Bb7 22. Nxe6 fxe6 23. Bf4 d5 24. cxd5 cxd5 25. exd5 Bxd5 26. Be5 Qh4 27. a3
1/2-1/2

[Event "Pyramiden Cup 2015"]
[Site "Fuerth"]
[Date "2015.09.05"]
[Round "6.33"]
[White "Troyke, Doreen"]
[Black "Wagner, Leopold Franziskus"]
[Result "1-0"]
[WhiteElo "2074"]
[BlackElo "1945"]
[PlyCount "97"]
[EventDate "2015.??.??"]
[WhiteTeam "Erfurter SK"]
[BlackTeam "BSG Grün-Weiß Leipzig"]

1. c4 f5 2. g3 Nf6 3. Bg2 g6 4. Nc3 Bg7 5. b3 O-O 6. Bb2 c6 7. Nf3 d6 8. d4
Nbd7 9. d5 c5 10. Qc2 Nb6 11. O-O Bd7 12. a4 a5 13. Rae1 Rc8 14. Nd2 Qc7 15.
Nb5 Bxb5 16. axb5 Rce8 17. e4 Nxe4 18. Nxe4 fxe4 19. Rxe4 Bf6 20. Bh3 Nd7 21.
Be6+ Kg7 22. f4 Rh8 23. Rfe1 Rhf8 24. g4 h6 25. h4 g5 26. h5 Rh8 27. Rf1 Nf8
28. fxg5 hxg5 29. Qd2 Nh7 30. Qc2 Nf8 31. Qf2 Rh6 32. Qf5 Nh7 33. Re2 Rf8 34.
Qc2 b6 35. Bf5 Bxb2 36. Qxb2+ Rhf6 37. Rfe1 R8f7 38. Bg6 Qc8 39. Bxf7 Kxf7 40.
Re6 Kg8 41. Qe2 Rf7 42. Rf1 Nf6 43. Rf5 Rg7 44. Rxe7 Qf8 45. Qe6+ Kh8 46. Rxg7
Kxg7 47. Rxg5+ Kh8 48. Rf5 Kg7 49. Qxf6+ 1-0

[Event "Pyramiden Cup 2015"]
[Site "Fuerth"]
[Date "2015.09.05"]
[Round "6.34"]
[White "Leis, Stefan"]
[Black "Brunsch, Michael"]
[Result "0-1"]
[WhiteElo "1998"]
[BlackElo "2072"]
[PlyCount "68"]
[EventDate "2015.??.??"]
[WhiteTeam "SC Mühlh.-Reichelsdorf"]
[BlackTeam "SC Höchstadt/Aisch"]

1. d4 Nf6 2. Nc3 d5 3. e4 Nxe4 4. Nxe4 dxe4 5. Bf4 e6 6. Qd2 c5 7. O-O-O Be7 8.
Qc3 O-O 9. dxc5 Qe8 10. Bd6 Nc6 11. Bb5 f5 12. Ne2 Rf7 13. Bxe7 Rxe7 14. Rd6
Bd7 15. Rhd1 Qf7 16. g3 Rae8 17. h4 Nb8 18. Bc4 Qf6 19. Qxf6 gxf6 20. Nd4 Kf8
21. h5 Kg7 22. b4 a6 23. a3 Kh6 24. Rxd7 Rxd7 25. Bxe6 Rxd4 26. Rxd4 Rxe6 27.
Rd8 Nc6 28. Rd7 Re7 29. Rxe7 Nxe7 30. c4 Kg5 31. Kd2 f4 32. b5 a5 33. c6 bxc6
34. b6 c5 0-1

[Event "Pyramiden Cup 2015"]
[Site "Fuerth"]
[Date "2015.09.05"]
[Round "6.35"]
[White "Bitter, Frank"]
[Black "Kornitzky, Tino"]
[Result "1-0"]
[WhiteElo "1914"]
[BlackElo "1717"]
[PlyCount "109"]
[EventDate "2015.??.??"]
[WhiteTeam "SC WD Ulm"]
[BlackTeam "SC Bamberg"]

1. d4 d5 2. c4 e6 3. Nc3 Nf6 4. cxd5 exd5 5. Bg5 Be7 6. e3 c6 7. Qc2 Nbd7 8.
Bd3 Nh5 9. Bxe7 Qxe7 10. Nge2 g6 11. h3 Nb6 12. O-O-O Ng7 13. g4 Bd7 14. Nf4 f5
15. Rhg1 g5 16. Nfe2 fxg4 17. hxg4 O-O-O 18. Qd2 h6 19. f4 Rde8 20. Rg3 h5 21.
gxh5 Nxh5 22. Rxg5 Qxe3 23. Bg6 Qxd2+ 24. Rxd2 Reg8 25. Rxh5 Rxh5 26. Bxh5 Nc4
27. Rd1 Rh8 28. Bg6 Bg4 29. b3 Na3 30. Bd3 Rh2 31. Kd2 b5 32. Rg1 b4 33. Rxg4
bxc3+ 34. Kxc3 Nb1+ 35. Bxb1 Rxe2 36. a4 Re1 37. Bc2 Re3+ 38. Bd3 Rf3 39. f5
Kd7 40. Rg7+ Kd6 41. Rxa7 c5 42. Ra6+ Kc7 43. dxc5 Kb7 44. Rd6 d4+ 45. Kxd4 Kc7
46. a5 Rf2 47. f6 Ra2 48. a6 Ra3 49. f7 Rxb3 50. Rc6+ Kxc6 51. Be4+ Kc7 52.
f8=Q Rb4+ 53. Ke3 Rb8 54. Qd6+ Kc8 55. Bf5# 1-0

[Event "Pyramiden Cup 2015"]
[Site "Fuerth"]
[Date "2015.09.05"]
[Round "6.36"]
[White "Diller, Peter"]
[Black "Weber, Alexander"]
[Result "1-0"]
[WhiteElo "2053"]
[BlackElo "1801"]
[PlyCount "53"]
[EventDate "2015.??.??"]
[WhiteTeam "SK Rothenburg"]
[BlackTeam "SC Erlangen"]

1. e4 e5 2. f4 exf4 3. Nf3 g5 4. h4 g4 5. Ne5 Nf6 6. Bc4 d5 7. exd5 Bd6 8. d4
Nh5 9. Bxf4 Nxf4 10. O-O Bxe5 11. dxe5 Nh5 12. e6 f5 13. Rxf5 Qxh4 14. Nd2 Ng3
15. Rf4 Rg8 16. Nf1 Nh5 17. Rf7 h6 18. Qd4 Qd8 19. Qe5 Nf6 20. Rxf6 Rg5 21. Qf4
Qe7 22. Ne3 g3 23. Rf1 Rg8 24. Rf7 Qd6 25. Rxc7 Qxf4 26. Rxf4 Na6 27. Bxa6 1-0